Open Veins of Latin America (Record no. 14452)

MARC details
000 -LEADER
fixed length control field 00602nam a2200241 a 4500
020 ## - INTERNATIONAL STANDARD BOOK NUMBER
ISBN 8188789666
082 00 - DEWEY DECIMAL CLASSIFICATION NUMBER
Classification number 980
Author Cutter GAL
100 ## - MAIN ENTRY--AUTHOR NAME
Author name Galeano, Eduardo
245 ## - TITLE STATEMENT
Title Open Veins of Latin America
260 ## - PUBLICATION, DISTRIBUTION, ETC. (IMPRINT)
Place of publication Delhi
Name of publisher Three Essays
Year of publication 2010
300 ## - PHYSICAL DESCRIPTION
Number of Pages 317p
500 ## - GENERAL NOTE
General note includes index and biblioraphy
505 2# - FORMATTED CONTENTS NOTE
Formatted contents note References, Index
650 ## - SUBJECT ADDED ENTRY--TOPICAL TERM
Topical Term Latin America-Politics
942 ## - ADDED ENTRY ELEMENTS (KOHA)
Koha item type Books
700 1# -
-- Galeano, Eduardo
Holdings
Collection code Home library Current library Date acquired Cost, normal purchase price Full call number Accession Number Koha item type
  Henry Martyn Institute Library Henry Martyn Institute Library 01/08/2013 375.00 980 GAL 023974 Books
                   Copyright © 2026 | Henry Martyn Institute | Hyderabad | TS-500052 | INDIA | Implemented by hmi.edu.in
Hit-Count:

Powered by Koha